CIA Actors & Actresses Quiz Stats

 Plays Quiz not verified by Sporcle

Score 0/30 Timer 05:00
0 Plays Today
% Correct
Harrison Ford
93.7%
Jim Carrey
93.4%
Tom Hanks
92.8%
Johnny Depp
92.3%
Robert Downey, Jr.
92.2%
Will Smith
92%
Leonardo DiCaprio
91.9%
Brad Pitt
91.2%
Cameron Diaz
89.2%
Eddie Murphy
88.7%
Sigourney Weaver
88%
Adam Sandler
87.3%
Paul Rudd
83.6%
Edward Norton
82.8%
Sissy Spacek
82.6%
% Correct
Sarah Michelle Gellar
82.1%
Michael Caine
81.4%
Tom Cruise
81%
Samuel L. Jackson
80.5%
Al Pacino
80.3%
Chris Hemsworth
75.9%
Colin Farrell
75%
Sean Penn
73.5%
Keira Knightley
71.2%
Anne Hathaway
70.9%
Meg Ryan
69.9%
Matt Damon
64.5%
George Clooney
63.8%
Anna Kendrick
61.9%
Mark Wahlberg
52.1%

You're not logged in!

Compare scores with friends on all Sporcle quizzes.
OR
Log In

Show Comments

Extras

Top Quizzes Today


Score Distribution

Your Account Isn't Verified!

In order to create a playlist on Sporcle, you need to verify the email address you used during registration. Go to your Sporcle Settings to finish the process.

Report this User

Report this user for behavior that violates our Community Guidelines.

Details: